00337nam a2200145Ia 4500008004100000020001500041041001200056082001600068100001300084245002700097260002500124300000800149650001800157700001600175221030s9999 xx 000 0 und d a8120312198 aEnglish a105.23bBat aR. Batra 0aAdvertising Management bPHIaNew Delhic1997 a754 aBE Management aJ. G. Myers